Hit The Road Jack - Ray Charles - All Lyrics - Statistics

General Stats
  • This quiz has been taken 172 times
  • The average score is 285 of 325
Answer Stats
Answer % Correct
back
100%
come
100%
do,
100%
do
100%
don't
100%
Don’t
100%
(Don't
100%
Hit
100%
Jack,
100%
No
100%
no
100%
road
100%
the
100%
ya
100%
you
100%
You
100%
and
99%
more,
99%
more
99%
more)
99%
Oh,
93%
Uh,
93%
I
85%
me
85%
say?
84%
say
84%
What
82%
so
78%
my
76%
go
73%
that
73%
woman
69%
woman,
69%
I've
68%
treat
68%
mean
67%
You’re
67%
you're
67%
ever
66%
I’ll
65%
I'll
65%
to
65%
seen
64%
be
63%
if
63%
on
61%
pack
61%
things
60%
Old
58%
old
58%
(That's
58%
right)
56%
guess
55%
have
55%
meanest
54%
got
52%
some
52%
this
52%
day
51%
way
51%
care
47%
baby,
45%
baby
45%
feet
45%
just
45%
money,
44%
Well
44%
ain't
43%
'Cause
43%
cause
43%
good
42%
What’d
39%
what'd
39%
it's
37%
can't
33%
Now
32%
now
32%
understood
31%
listen
28%
please
24%
trying
22%
didn't
18%
understand
16%
No matching quizzes found
Score Distribution
Percent of People with Each Score
Percentile by Number Answered
Your Score History
You have not taken this quiz